00929 2200277 4500001002100000005001500021035002000036007000300056008004100059020001800100082001000118084001600128100002100144245022200165250000600387260004100393300004800434700001700482700001900499700001900518700001400537500001100551500004200562650003000604990001700634INLIS00000000000011820260521124001 a0010-0323000012ta260521 j 0 ind  a0-7460-2014-7 a612.8 a612.8 TRE m0 aTreays , Rebecca1 aMempelajari Otak /cRebecca Treays yang menulis kata-katanya ; Christyan Fox yang menggambar ; Nicholas Mackintosh, ahli otak ; Jane Chisholm yang menyuntingnya ; alih bahasa Wasi Dewanto ; penyunting bahasa Rudiyanto a- aBandung :bUsborne Publishing,c2004 a32 :bilus. ; gambar berwarna ;c27.5 cme-0 aWasi Dewanto0 aFox, Christyan0 aChisholm, Jane0 aRudiyanto aIndeks aJudul asli : Understanding your brain 4aOtak - Bacaan kanak-kanak a00001/K/2005